| 000 | 00610nam a2200193 a 4500 | ||
|---|---|---|---|
| 005 | 20210223120447.0 | ||
| 008 | 991125s1970 cu 000 0 spa u | ||
| 035 | _aUPN01000001659 | ||
| 049 | _aCG | ||
| 050 | 4 |
_aHX159 _bC3.3 |
|
| 100 | 1 | _aCantón Navarro,José | |
| 245 | 1 | 0 |
_aAlgunas ideas de José Martí en relación con la clase obrera y el socialismo / _cJosé Cantón Navarro. |
| 260 |
_aLa Habana : _bInstituto Cubano del Libro, _c1970. |
||
| 300 | _a158 p. | ||
| 600 | 1 | 4 |
_aMARTI, JOSE, _d1853-1895 |
| 650 | 4 |
_aSOCIALISMO EN CUBA _913347 |
|
| 650 | 4 |
_aTRABAJO Y TRABAJADORES - _zCUBA |
|
| 905 | _aLibro | ||
| 999 |
_c1659 _d1659 |
||